| 000 | 00427nam a22001337a 4500 | ||
|---|---|---|---|
| 082 |
_a954.91 _bPAK _cL-30, P-198 |
||
| 100 |
_aGardezi, Hassasn _946376 |
||
| 245 |
_aPakistan the unstable state/ _cGardezi, Hassasn |
||
| 260 |
_aPakistan, _bHassan Gardezi & Jamil Rashid vanguard books Ltd Lahore. _c1983 |
||
| 300 |
_a235p.: _bill,; _c15 cm. |
||
| 526 |
_a0 _b0 _c0 _d954_910000000000000_PAK |
||
| 650 |
_aMCE _9379 |
||
| 942 |
_2ddc _cBK |
||
| 999 |
_c549725 _d549725 |
||